000 00458nam a2200181Ia 4500
005 20250326130415.0
008 250326s9999 xx 000 0 und d
037 _aTextbook
040 _aFMSL
_beng
_cFMSL
041 _aeng
_2eng
084 _qFMSL
100 _aKelleher G J
_9735723
245 0 _aChallenge to systems analysis
_cKelleher G J
260 _aNY
_bNY, John Wiley
_c1970
300 _a150p
942 _cTB
999 _c1282359
_d1282359